| 000 | 01687cam a22004574i 4500 | ||
|---|---|---|---|
| 003 | PE-LiUPU | ||
| 005 | 20250731172923.0 | ||
| 008 | 150623s r 000 0 d | ||
| 020 | _a1870126157 | ||
| 035 | _a(Sirsi) i9781870126151 | ||
| 040 |
_aPE-LiUPU _bspa _cPE-LiUPU _erda |
||
| 049 | _aPRUA | ||
| 082 | 0 | 4 |
_a269.2607019 _bO65 _221 |
| 245 | 0 | 0 |
_aOpportunities and limitations in religious broadcasting / _ceditado por Peter Elvy. |
| 264 | 1 |
_aEdimburgo : _bThe Jerusalem trust, _c1991. |
|
| 300 |
_a1776 páginas ; _c21 centímetros |
||
| 336 |
_atext _2rdacontent |
||
| 337 |
_aunmediated _2rdamedia |
||
| 338 |
_avolume _2rdacarrier |
||
| 505 | 0 | _aThe tree futures of christian broadcasting. -The new religious situation in eastern Europe. -From buzz to satellites. -What do i mean by evangelical broadcasting?. -What have you done for me lately. | |
| 526 | _aSEG42 | ||
| 526 | _aSEG41 | ||
| 526 | _aSEG40 | ||
| 526 | _aSEG39 | ||
| 526 | _aP94 | ||
| 526 | _aP87 | ||
| 526 | _aP86 | ||
| 526 | _aP85 | ||
| 526 | _aP77 | ||
| 526 | _aP76 | ||
| 526 | _aP35 | ||
| 650 | 0 | 4 |
_aRadiodifusión _xAspectos religiosos _vCristianismo. |
| 700 | 1 |
_aElvy, Peter, _eed. |
|
| 710 | 2 | _aUniversity of Edinburgh. Centre for Theology and Public | |
| 942 |
_2ddc _cBOOK |
||
| 949 |
_a269.2607019 O65 _wDEWEY _c1 _i43803 _lCCODEBUL1 _mBUL _r0 _sY _tBOOK _u2015-6-24 _xTEOLOGIA _PP35 _0COMPRA _o.STAFF. Colección General |
||
| 994 |
_aC0 _bPEPRU |
||
| 596 | _a1 | ||
| 999 |
_a269.2607019 O65 _wDEWEY _c20205 _i43803 _f2021-11-10 _g5 _lCCODEBUL1 _mBUL _r0 _sY _tBOOK _u2015-6-24 _xTEOLOGIA _PP35 _0COMPRA _o.STAFF. Colección General _d20205 |
||
| 980 |
_81 _gALBERTO SANCHEZ Responsable de Automatización |
||